[Event "Stari Banovci Vidovdan op"]
[Site "Stari Banovci"]
[Date "2016.06.28"]
[Round "1"]
[White "Tadic, Stefan"]
[Black "Zezelj, Dalibor"]
[Result "1-0"]
[WhiteElo "2069"]
[BlackElo "1991"]
[PlyCount "34"]
[EventDate "2016.06.28"]
[EventType "swiss"]
[EventRounds "9"]
[EventCountry "SRB"]
[SourceTitle "CBM 173 Extra"]
[Source "ChessBase"]
[SourceDate "2016.08.29"]
[SourceVersion "1"]
[SourceVersionDate "2016.08.29"]
[SourceQuality "1"]

1. d4 Nf6 2. Bf4 g6 3. Nc3 Bg7 4. e4 d6 5. Qd2 b6 6. 0-0-0 Ba6 7. Bxa6 Nxa6 8. Bh6 0-0 9. h4 Qd7 10. h5 Qg4 11. f3 Qe6 12. Nh3 Nb4 13. Kb1 d5 14. e5 Ne8 15. Bxg7 Nxg7 16. Ng5 Qc6 17. Nxh7 Kxh7 1-0